000 01168cam a2200277 i 4500
003 SA-RiAUC
005 20250807071830.0
008 250806s1987 le g 00000 ara c
040 _aSA-RiAUC
_bara
_cSA-RiAUC
_erda
082 0 4 _a257.2
090 _a257.2
_bس ق ط
100 1 _aالسقطي، محمد بن محمد،
_dتوفي قرن 6 هجري
_eمؤلف.
245 1 0 _aفي آداب الحسبة /
_cتأليف أبي عبد الله محمد بن أبي محمد السقطي المالكي الأندلسي ؛ تحقيق ومراجعة حسن الزين.
264 1 _aبيروت :
_bمؤسسة دار الفكر الحديث،
_c1987
300 _a88 صفحة ؛
_c24 سم
336 _aنص
_btxt
_2rdacontent
_3كتاب
337 _aبدون وسيط
_bn
_2rdamedia
338 _aمجلد
_bnc
_2rdacarrier
650 7 _aالحسبة
_2aucsh
650 7 _aالأحكام السلطانية
_2aucsh
650 7 _aالإسلام
_xجوانب سياسية
_2aucsh
650 7 _aالنظام المالي في الإسلام
_2aucsh
700 1 _aالزين، حسن
_eمحقق.
942 _2ddc
_cBOOK
_n0
949 _aSA-JeALM
_d250806
_umohamedma123
_n1
999 _c10622
_d10622